Buscando un modelo económico en América Latina: ¿Mercado, socialista o mixto? Chile, Cuba y Costa Rica /
Guardado en:
| Hovedforfatter: | |
|---|---|
| Andre forfattere: | , , , |
| Format: | Ukendt |
| Sprog: | Spanish |
| Udgivet: |
Venezuela :
Nueva Sociedad
|
| Tags: |
Tilføj Tag
Ingen Tags, Vær først til at tagge denne postø!
|
MARC
| LEADER | 00000 a2200000 04500 | ||
|---|---|---|---|
| 001 | 44533 | ||
| 003 | |||
| 008 | 050624s2002 ve spa d | ||
| 040 | |||
| 020 | |a 980-317-183-6 | ||
| 090 | |a 0001 M617b | ||
| 100 | |a Mesa-Lago, Carmelo | ||
| 245 | |a Buscando un modelo económico en América Latina: |b ¿Mercado, socialista o mixto? Chile, Cuba y Costa Rica / |c Carmelo Mesa-Lago con la colaboración de Alberto Arenas de Mesa, Ivan Brenes, Verónica Montecinos, Mark Samara | ||
| 260 | |a Venezuela : |b Nueva Sociedad | ||
| 300 | |a 681 páginas : |b tablas | ||
| 700 | |a Arenas de Mesa, Alberto | ||
| 700 | |a Brenes, Ivan | ||
| 700 | |a Montecinos, Verónica | ||
| 700 | |a Samara, Mark | ||
| 999 | |c 10665 |d 10665 | ||



